000 00456nam a22001577a 4500
005 20240621102232.0
008 240621b |||||||| |||| 00| 0 eng d
082 _a349 HAL
100 _lEnglish
245 _aHalsbury's Laws of England
250 _aThird Edition
260 _aLondon:
_bButterworth and Co. Publishers Ltd,
_c1963
300 _b58 pages;
_c25 cm.
650 _aLegal practice
_bLaw
942 _cBK
_6ALISON_BN_VRIES
999 _c2020
_d2020